El alcalde de zalamea /
Guardado en:
| Autor Principal: | |
|---|---|
| Formato: | Libro |
| Publicado: |
Buenos Aires . Huemul,
1966.
|
| Edición: | 2ª ed. |
| Materias: | |
| Etiquetas: |
Agregar Etiqueta
Sin Etiquetas, Sea el primero en etiquetar este registro!
|
| LEADER | 00640nam a22002295a 4500 | ||
|---|---|---|---|
| 001 | CEM.cems017418 | ||
| 005 | 20130612144131.0 | ||
| 008 | 130507s1966##################000#0#####d | ||
| 003 | CEMS | ||
| 020 | |a . | ||
| 082 | 0 | 4 | |a 862.3 |
| 100 | 1 | |a Calderón de la Barca, Pedro (1600-1681) | |
| 245 | 1 | 0 | |a El alcalde de zalamea / |c Pedro Calderón de La Barca |
| 250 | |a 2ª ed. | ||
| 260 | |a Buenos Aires . Huemul, |c 1966. | ||
| 300 | |a 159 p. | ||
| 653 | |a Literatura española | ||
| 653 | |a Teatro | ||
| 653 | |a Comedia | ||
| 653 | |a Siglo de oro español | ||
| 653 | |a Teatro español | ||
| 859 | |a CEMS |b BIB. CEMS - Agricultura |h 862.3 |i C127 |p A0578.04 |t Ej.1 | ||
